Foundations of Financial Management (Record no. 5427)

MARC details
005 - DATE AND TIME OF LATEST TRANSACTION
control field 20250626153641.0
020 ## - INTERNATIONAL STANDARD BOOK NUMBER
International Standard Book Number 0-07-089764-6
082 ## - DEWEY DECIMAL CLASSIFICATION NUMBER
Classification number 658.15 BLO
100 ## - MAIN ENTRY--PERSONAL NAME
Author name BLOCK, B. S.
245 ## - TITLE STATEMENT
Title Foundations of Financial Management
250 ## - EDITION STATEMENT
Edition statement 6th Ed.
260 ## - PUBLICATION, DISTRIBUTION, ETC.
Place of publication, distribution, etc. New York,
Name of publisher, distributor, etc. McGraw Hill,
Date of publication, distribution, etc. 2003.
300 ## - PHYSICAL DESCRIPTION
Extent 407p.;
Dimensions 27cm
700 ## - ADDED ENTRY--PERSONAL NAME
Other authors/Editors HIRT, G. A. & SHORT, J. G.
942 ## - ADDED ENTRY ELEMENTS (KOHA)
Source of classification or shelving scheme Dewey Decimal Classification
Koha item type Books
Holdings
Date last seen Total checkouts Full call number Barcode Cost, replacement price Price effective from Koha item type Lost status Source of classification or shelving scheme Damaged status Not for loan Withdrawn status Home library Current library Shelving location Date acquired Cost, normal purchase price
06/26/2025   658.15 BLO DOM000736 180000.00 06/26/2025 Books   Dewey Decimal Classification       CBE Dodoma CBE Dodoma General Collection 04/18/2011 60000.00
06/26/2025   658.15 BLO DOM000738 180000.00 06/26/2025 Books   Dewey Decimal Classification       CBE Dodoma CBE Dodoma General Collection 04/18/2011 60000.00